000 00454nam a2200169Ia 4500
001 21793
003 IN-NITTTR
005 20251114233247.0
008 251113s9999||||xx |||||||||||||| ||eng||
040 _beng
040 _cIN-NITTTR
041 _aeng
082 _a671 B731H
100 _aBralla, James G.
245 0 _aHandbook of product design for manufacturing :
_b a practical guide to low- cost production /
_cBralla, James G.
942 _2ddc
_cBK
999 _c24423
_d24423